|
|
|
แสดงรายละเอียดบรรณานุกรม |
|
|||
| ห้องสมุดโรงเรียนพะเยาพิทยาคม...ยินดีต้อนรับ...ทุกท่านเข้าสู่ระบบห้องสมุดอัตโนมัติ | ||||
|
Brief Record
: Get Marc (ISO 2709)
: E-mail record
: |
|
|
| LEADER 00000nam 2200000uu 4500 | |||
| 001 13399110973 | |||
| 003 ULIBM | |||
| 008 120606s2548||||th 000 0 tha d | |||
| 020 ^a9749317211 | |||
| 082 ^a332.0415^bอ929ร | |||
| 100 ^aองอาจ จิระอร | |||
| 245 ^aรู้เก็บ รู้ใช้ ระดับมัธยมศึกษาและอุดมศึกษา/^cโดย องอาจ จิระอร | |||
| 250 ^aพิมพ์ครั้งที่ 2 | |||
| 260 ^aกรุงเทพมหานคร:^bตลาดหลักทรัพย์แห่งประเทศไทย,^c2548 | |||
| 300 ^a240 หน้า:^bภาพประกอบ;^c21 ซม. | |||
| 650 0 ^aการออมและการลงทุน--ความเรียง | |||
| 945 ^p180^l0^i32148 | |||
| 999 ^akanya | |||
| คุณยังไม่ได้ล็อกอิน คุณสามารถมีกิจกรรมร่วมกับเว็บไซต์ได้ แต่ต้องล็อกอินก่อน :: |
|
| สถานะ | |||||||||
| 1. | หนังสือ | 332.0415 อ929ร 2548 ฉ.1 Barcode: 32148 | ►หนังสือทั่วไป | On Shelf ขอยืม | |||||
| 2. | หนังสือ | 332.0415 อ929ร 2548 ฉ.2 Barcode: 32149 | ►หนังสือทั่วไป | On Shelf ขอยืม | |||||
| 3. | หนังสือ | 332.0415 อ929ร 2548 ฉ.3 Barcode: 32150 | ►หนังสือทั่วไป | On Shelf ขอยืม | |||||
| 4. | หนังสือ | 332.0415 อ929ร 2548 ฉ.4 Barcode: 32151 | ►หนังสือทั่วไป | On Shelf ขอยืม | |||||
| 5. | หนังสือ | 332.0415 อ929ร 2548 ฉ.5 Barcode: 32152 | ►หนังสือทั่วไป | On Shelf ขอยืม | |||||
| 6. | หนังสือ | 332.0415 อ929ร 2548 ฉ.6 Barcode: 32153 | ►หนังสือทั่วไป | On Shelf ขอยืม | |||||
| 7. | หนังสือ | 332.0415 อ929ร 2548 ฉ.7 Barcode: 32154 | ►หนังสือทั่วไป | On Shelf ขอยืม | |||||
| 8. | หนังสือ | 332.0415 อ929ร 2548 ฉ.8 Barcode: 32155 | ►หนังสือทั่วไป | On Shelf ขอยืม | |||||
| 9. | หนังสือ | 332.0415 อ929ร 2548 ฉ.9 Barcode: 30484 | ►หนังสือทั่วไป | On Shelf ขอยืม | |||||
| 10. | หนังสือ | 332.0415 อ929ร 2548 ฉ.10 Barcode: 32901 | ►หนังสือทั่วไป | On Shelf ขอยืม | |||||
| [แสดง 10/10 รายการ] | |||||||||
หนังสือดีน่าอ่าน

“ดั่งดวงแก้ว ส่องสว่าง ทางสายงาม”
จัดทำขึ้นเพื่อเฉลิมพระเกียรติ สมเด็จพระเทพรัตนราชสุดา ฯ สยามบรมราชกุมารี
เนื่องในโอกาสมหามงคลเฉลิมพระชนมพรรษา ๕ รอบ ๒ เมษายน ๒๕๕๘
โดยหนังสือเล่มนี้ได้รวบรวม ๖๐ พระอัจฉริยภาพของสมเด็จพระเทพ ฯ
ผู้อ่านจะได้รับแรงบันดาลใจให้พากเพียรเรียนรู้และขยันอดทนทำการงาน
ตามรอยเบื้องพระยุคลบาท เพราะพระองค์ทรงเป็นแบบอย่างอันดีเยี่ยมในทุกด้าน
ทั้งในความใฝ่รู้ใฝ่เรียน คุณธรรมจริยธรรม พระวิริยอุตสาหะในการทรงงาน
และอื่นๆอีกมากมาย ล้วนสามารถสร้างแรงบันดาลใจให้แก่เด็กและเยาวชน
อีกทั้งประชาชนทั่วไป ให้พากเพียรเรียนรู้และขยันอดทนทำการงานตามรอยพระยุคลบาท
เพื่อฝึกฝนตนเองให้เป็นคนดีคนเก่งของครอบครัวและสังคมต่อไป

| รายการใกล้เคียง ผู้แต่ง [องอาจ จิระอร] |
แสดงความเห็นเกี่ยวกับหนังสือเล่มนี้ |
| คอมเมนท์ทรัพยากรรายการนี้ |
|
ห้องสมุดเฉลิมพระเกียรติกาญจนาภิเษก โรงเรียนพะเยาพิทยาคม อำเภอเมือง จังหวัดพะเยา 56000
![]()
![]()
E-mail :
Library Phayaopittayakom
05-4431-275 ต่อ 4621